[Event "AUTO-INT-1792"]
[Site "http://www.queenalice.com/game.php?id=820167"]
[Date "2010.8.19"]
[Round "1"]
[White "daniel0176"]
[Black "santosborb"]
[Result "1-0"]
[WhiteElo "1416"]
[BlackElo "1411"]

1. e4 e5 2. Qh5 d6 3. Bc4 g6 4. Qf3 Nf6 5. h3 Be7 6. d3 Bf8 7. Bg5 Bg7 8. Nc3 c6
9. Nge2 h6 10. Bxf6 Bxf6 11. O-O O-O 12. Rad1 b5 13. Bb3 Na6 14. Ng3 Nc5 15. d4
exd4 16. Nce2 Re8 17. c3 Nxb3 18. axb3 d3 19. Rxd3 Bb7 20. Rfd1 Re6 21. Nf4 Re7
22. Rxd6 Qc7 23. Nxg6 fxg6 24. Ne2 Be5 25. Rxg6+ Bg7 26. Nf4 Rf8 27. Qg4 Rxf4
28. Qg3 c5 29. Rgd6 Ref7 30. R1d2 Kh8 31. f3 Be5 32. Rxh6+ Rh7 33. Qg6 Rf7 34.
g4 Rg7 35. Qe8+ Rg8 36. Rxh7+ Qxh7 37. Qxe5+ Qg7 38. Qh5+ Qh7 39. Qe5+ Qg7 40.
Qxc5 Ba6 41. Rd5 Qf7 42. Rh5+ Kg7 43. Rg5+ Kh6 44. Rh5+ Kg6 45. Qg5# 1-0

[Event "AUTO-INT-1798"]
[Site "http://www.queenalice.com/game.php?id=822916"]
[Date "2010.8.25"]
[Round "1"]
[White "FranzMeM"]
[Black "santosborb"]
[Result "1-0"]
[WhiteElo "1449"]
[BlackElo "1383"]

1. e4 e5 2. Nf3 Nc6 3. d4 Bd6 4. d5 Nd4 5. Nxd4 exd4 6. Qxd4 c6 7. Qxg7 Qf6 8.
Qxf6 Nxf6 9. dxc6 Nxe4 10. cxb7 Bxb7 11. f3 Nc5 12. Be2 O-O 13. O-O Rfe8 14. Nc3
Re6 15. a3 Be5 16. Bc4 Rh6 17. Bxh6 Ne6 18. Bxe6 dxe6 19. Rad1 Rc8 20. Rd3 Bf6
21. Re1 Bg7 22. Bxg7 Kxg7 23. Re5 Rc6 24. Rg5+ Kf6 25. h4 h6 26. Ne4+ Ke7 27. c3
Rc7 28. Rh5 Bxe4 29. fxe4 Rb7 30. b4 a5 31. Rxa5 f6 32. Rh5 Kf7 33. Rxh6 Kg7 34.
Rh5 Kg6 35. Ra5 Rh7 36. g3 Rh5 37. b5 f5 38. exf5+ exf5 39. Rd6+ Kg7 40. Ra7+
Kf8 41. Rd8# 1-0

[Event "AUTO-INT-1798"]
[Site "http://www.queenalice.com/game.php?id=822917"]
[Date "2010.8.25"]
[Round "1"]
[White "santosborb"]
[Black "FranzMeM"]
[Result "1-0"]
[WhiteElo "1370"]
[BlackElo "1462"]

1. e4 e5 2. Nf3 Nc6 3. Bc4 h6 4. O-O d6 5. h3 Nf6 6. d3 a6 7. Nc3 b5 8. Bb3 b4
9. Nd5 Nxd5 10. Bxd5 Bb7 11. Bc4 Nd4 12. Nxd4 exd4 13. Qf3 Qe7 14. Re1 O-O-O 15.
Bd2 a5 16. c3 bxc3 17. bxc3 dxc3 18. Bxc3 a4 19. Rab1 Qd7 20. Bb5 Qe6 21. Bxa4
Qxa2 22. Bb3 Qa5 23. Bxa5 f6 24. Bd5 Bxd5 25. exd5 h5 26. Rbc1 Rd7 27. Re8+ Rd8
28. Rxd8+ Kxd8 29. Bxc7+ Kd7 30. Qe4 Be7 31. Qa4+ Kc8 32. Bxd6+ Kd8 33. Bxe7+
Kxe7 34. Rc7+ Kd6 35. Qc6+ Ke5 36. d6 g5 37. d7 f5 38. Qc5+ Ke6 39. Rc6+ Kxd7
40. Qd6+ Ke8 41. Rc8+ Kf7 42. Rxh8 Kg7 43. Qf8+ Kg6 44. Rh6# 1-0

[Event "AUTO-INT-1798"]
[Site "http://www.queenalice.com/game.php?id=822932"]
[Date "2010.8.25"]
[Round "1"]
[White "prog2"]
[Black "santosborb"]
[Result "1-0"]
[WhiteElo "1503"]
[BlackElo "1360"]

1. e4 e5 2. Nf3 Nc6 3. Bc4 Nf6 4. O-O Nxe4 5. Qe1 Nf6 6. Nc3 Bc5 7. d3 h6 8. Bd2
d5 9. d4 Bd6 10. dxe5 Nxe5 11. Nxe5 Be6 12. Bb5+ c6 13. Nxc6 Qc7 14. Nd4+ Kf8
15. Nxe6+ Kg8 16. Nxc7 Bxc7 17. Qe7 Bb6 18. Qxb7 Kh7 19. Nxd5 1-0

[Event "AUTO-INT-1798"]
[Site "http://www.queenalice.com/game.php?id=822933"]
[Date "2010.8.25"]
[Round "1"]
[White "santosborb"]
[Black "prog2"]
[Result "0-1"]
[WhiteElo "1350"]
[BlackElo "1513"]

1. e4 c5 2. Nf3 e6 3. Bc4 Nf6 4. d3 Nc6 5. Bg5 Be7 6. Qd2 d5 7. exd5 Nxd5 8. O-O
Nd4 9. Bxe7 Nxe7 10. Nxd4 Qxd4 11. Nc3 O-O 12. Rfe1 b6 13. Re4 Qd7 14. Rg4 Nf5
15. Re1 Bb7 16. Bb5 Qd6 17. Ne4 Bxe4 0-1

[Event "AUTO-INT-1798"]
[Site "http://www.queenalice.com/game.php?id=822942"]
[Date "2010.8.25"]
[Round "1"]
[White "grandedani"]
[Black "santosborb"]
[Result "1-0"]
[WhiteElo "1582"]
[BlackElo "1399"]

1. e4 e5 2. Nf3 Nc6 3. Bb5 a6 4. Bxc6 dxc6 5. Nxe5 Nf6 6. d3 Qe7 7. Bf4 Be6 8.
O-O Rd8 9. Nd2 g6 10. c4 Bg7 11. a3 O-O 12. b4 Nh5 13. Qf3 f6 14. Ng4 f5 15.
exf5 Bxf5 16. Nh6+ Bxh6 17. Bxh6 Rf7 18. Rfe1 Qd6 19. c5 Qd4 20. Qe2 Ng7 21.
Bxg7 Kxg7 22. Qe3 Bxd3 23. Qxd4+ Rxd4 24. Nf3 Rd5 25. h4 b6 26. Rac1 a5 27. cxb6
Bb5 28. bxc7 Rxc7 29. bxa5 c5 30. Ng5 Kg8 31. Rb1 Bd3 32. Rb8+ Kg7 33. Ne6+ Kf7
34. Nxc7 Rd7 35. Rb7 Bf5 36. a6 Rd4 37. Ne6+ 1-0

[Event "AUTO-INT-1798"]
[Site "http://www.queenalice.com/game.php?id=822943"]
[Date "2010.8.25"]
[Round "1"]
[White "santosborb"]
[Black "grandedani"]
[Result "1/2-1/2"]
[WhiteElo "1390"]
[BlackElo "1591"]

1. e4 e5 2. Nf3 Nc6 3. Bc4 d6 4. h3 Nf6 5. d3 a6 6. Bg5 Be7 7. Nc3 b5 8. Bb3 O-O
9. a4 b4 10. Na2 a5 11. Qd2 h6 12. Bh4 g5 13. Bg3 Bb7 14. c3 d5 15. exd5 e4 16.
Ne5 Nxe5 17. Bxe5 exd3 18. Qxd3 Bxd5 19. Bxd5 Nxd5 20. cxb4 axb4 21. Nc1 Re8 22.
O-O Bf6 23. Bxf6 Nxf6 24. Qc4 Re4 25. Qc6 Re6 26. Qf3 Raa6 27. Rd1 Rad6 28. Rxd6
Rxd6 29. Nb3 Kg7 30. Na5 Rd5 31. Nc4 Rd3 32. Qe2 Qd4 33. Ne3 Kg6 34. Rd1 Rxd1+
35. Qxd1 Qxb2 36. Qd3+ Kg7 37. Nf5+ Kh7 38. Ne7+ Kg7 39. Nf5+ Kg6 40. Ne3+ Kg7
41. Nf5+ Kg6 42. Ne3+ 1/2-1/2

[Event "AUTO-INT-1812"]
[Site "http://www.queenalice.com/game.php?id=829358"]
[Date "2010.9.7"]
[Round "1"]
[White "santosborb"]
[Black "reynegro64"]
[Result "0-1"]
[WhiteElo "1370"]
[BlackElo "1793"]

1. e4 c5 2. Nf3 e6 3. Nc3 Nc6 4. Bc4 Nf6 5. d3 d5 6. exd5 exd5 7. Bb5 Be7 8. O-O
O-O 9. d4 c4 10. Re1 Bg4 11. h3 Bxf3 12. Qxf3 a6 13. Bxc6 bxc6 14. Bf4 Bb4 15.
a3 Bxc3 16. Qxc3 Ne4 17. Qb4 Qf6 18. Be3 Rab8 0-1

[Event "AUTO-INT-1812"]
[Site "http://www.queenalice.com/game.php?id=829359"]
[Date "2010.9.7"]
[Round "1"]
[White "reynegro64"]
[Black "santosborb"]
[Result "1-0"]
[WhiteElo "1793"]
[BlackElo "1339"]

1. e4 e5 2. Nf3 Nc6 3. Bb5 Nf6 4. O-O Bc5 5. Nxe5 Nxe5 6. d4 a6 7. Ba4 b5 8. Bb3
Bxd4 9. Qxd4 d6 10. f4 Nc6 11. Qc3 O-O 12. Qxc6 Bd7 13. Qc3 Nxe4 14. Qf3 Re8 15.
Bd5 c6 16. Bxe4 d5 17. Bd3 Be6 18. f5 Bd7 19. f6 Qxf6 20. Qxf6 1-0

[Event "AUTO-INT-1812"]
[Site "http://www.queenalice.com/game.php?id=829360"]
[Date "2010.9.7"]
[Round "1"]
[White "santosborb"]
[Black "Reddaz"]
[Result "0-1"]
[WhiteElo "1396"]
[BlackElo "1543"]

1. e4 c5 2. Nf3 e6 3. Bc4 Nc6 4. d3 d5 5. exd5 exd5 6. Bb5 Qa5+ 7. Nc3 d4 8.
Qe2+ Be7 9. Bf4 dxc3 10. Bxc6+ bxc6 11. bxc3 Qxc3+ 12. Qd2 Qxa1+ 13. Qc1 Qxa2
14. Qe3 Be6 15. O-O Nf6 16. Ne5 Nd5 0-1

[Event "AUTO-INT-1812"]
[Site "http://www.queenalice.com/game.php?id=829361"]
[Date "2010.9.7"]
[Round "1"]
[White "Reddaz"]
[Black "santosborb"]
[Result "1-0"]
[WhiteElo "1553"]
[BlackElo "1386"]

1. e4 e5 2. Nf3 Nc6 3. Bb5 Nf6 4. Nc3 Bb4 5. O-O O-O 6. Bxc6 dxc6 7. a3 Bxc3 8.
bxc3 Nxe4 9. Re1 Nf6 10. Nxe5 Re8 11. d3 h6 12. Bb2 Qd6 13. c4 1-0